000 00246nam a2200109Ia 4500
008 200302s9999 xx 000 0 und d
100 _aPhilip Jodidio
245 _aRichard Meier
260 _bTaschen Verlag Gmbh
260 _c1995
300 _a175 P.,
999 _c919
_d919